000 00596nmc a2200241 a 4500
003 AR-BaBNM
005 20251128204516.0
008 165019s1994 ||||||||||||||000 | spa||
020 _a950-40-0028-6
040 _cAR-BaBNM
100 1 _aBenedetti, Mario
245 1 0 _aCuentos completos
250 _a4ª ed.
260 _aBuenos Aires
_bAlianza Editorial
_c1994
300 _a534 p.
490 0 _aAlianza literatura
_vv. 6
500 _aContiene índice de los cuentos
650 4 _aCUENTOS
653 _aLITERATURA URUGUAYA
655 _aLITERATURA
942 _cBK
998 _cMarce
999 _c7710
_d7710